Administración de maquinaria agrícola

Shranjeno v:
Bibliografske podrobnosti
Glavni avtor: Alvarez Cardona, Alberto (Author)
Format: Knjiga
Jezik:španščina
Izdano: Bogotá Universidad Nacional de Colombia 2004
Serija:Colección Sede, 29
Teme:
Oznake: Označite
Brez oznak, prvi označite!

MARC

LEADER 00000nam a2200000 a 4500
001 UCI2646
003 CL-VaPUC
008 070831e20040000CK |||||||||||||||||spa|d
020 |a 958701460X 
082 0 4 |a 631.51  |b ALV  |2 21 
100 0 |a Alvarez Cardona, Alberto  |e author  |9 523714 
245 1 0 |a Administración de maquinaria agrícola 
300 |a 255 p 
942 |c BK 
945 |d 20070831 00:00:00  |a jtorresc 
260 |a Bogotá  |b Universidad Nacional de Colombia  |c 2004 
650 7 |a MAQUINA AGRICOLA  |2 CL-VaPUC  |9 523715 
650 7 |a PRODUCTOS AGRICOLAS  |2 CL-VaPUC  |9 338601 
650 0 |a Administración  |9 259325 
650 7 |a COSTO ENERGETICO  |2 CL-VaPUC  |9 523716 
650 7 |a INNOVACIONES TECNOLOGICAS  |2 CL-VaPUC  |9 523717 
650 7 |a SUELOS AGRICOLAS  |2 CL-VaPUC  |9 445697 
650 7 |a TRACTORES  |2 CL-VaPUC  |9 326395 
650 0 |a Vehículos de tracción  |9 326396 
583 |a last modification  |c 20070831 00:00:00  |k Rodrigo Vera 
490 0 |a Colección Sede, 29 
999 |c 327128  |d 327126 
952 |0 0  |1 0  |4 0  |6 631_510000000000000_ALV_2004  |7 0  |8 A  |9 409586  |a BIBAGR  |b BIBAGR  |d 2019-11-22  |i 4369092  |o 631.51 ALV 2004  |p 4369092  |r 2025-01-20  |w 2019-11-22  |y BK  |k AGR